00401nam a2200121Ia 4500008004100000245011200041260002600153260000900179300000800188650002600196650001200222856004500234170516s9999 xx 000 0 und d 2aA new Diffusion Metric, Diffusion Kurtosis Imaging, used in the Serial Examination of a Patient with Stroke bActa Radiologica Open c2013 a1:1 xRadiologic Technology xRadtech uhttp://journals.sagepub.com/toc/arra/1/1